000 00825nam a2200253 i 4500
001 134629
003 ES-MaACL
005 20250824212333.0
007 t|
008 070912s1968 sp ||||1| spa d
080 _a330.534
100 1 _aYanovsky, M.
_9117562
245 1 0 _aSistemas de contabilidad social /
_cM. Yanovsky ; [versión española realizada por Julio Viñuela Díaz].
260 _aMadrid [etc.] :
_bRialp,
_cimp. 1968.
300 _a259 p. ;
_c24 cm.
490 1 _aLibros de economía ;
_v10
504 _aBibliografía: p. 256-259.
650 1 4 _aContabilidad social.
_911314
700 1 _aViñuela Díaz, Julio.
_9115405
830 0 0 _aLibros de economía (Rialp)
_v10
_9186981
852 _aES-MaACL
_jC-47431
_bR.67536
852 _aES-MaACL
_jE-14720
_xOlim P-527-bis
999 _c134629
_d134629